000 00647nam a2200241 i 4500
001 C2-0012555
003 PPAK
005 20190630221919.0
008 970129s1990 enka|||| ||||| | eng d
020 _a1853400726
040 _aPPAK
_beng
_cPPAK
_erda
082 0 4 _a823
_223
090 0 0 _a823
_bDIC
_dK
100 1 _aDicks, Terrance,
_eauthor
245 1 0 _aT.R. Bear at the zoo
264 1 _aLondon :
_bPiccadilly Press ,
_c1990
300 _a51 pages :
_billustrations ;
_c20 cm
336 _2rdacontent
_atext
337 _2rdamedia
_aunmediated
338 _2rdacarrier
_avolume
650 1 0 _aChildren's stories, English
942 _ddc
_cB
999 _c3190
_d3190